000 00338nam a22001457a 4500
003 OSt
008 250514b |||||||| |||| 00| 0 eng d
100 _aMUKOUPADAYE, Devendernath
245 _aVirjananand charit
250 _a21th
260 _aNew Delhi
_bArya Prakashan
_c2021
300 _a160
650 _aGeneral
942 _2ddc
_cBK
999 _c13579
_d13579